| 000 | 01884cam a22004214i 4500 | ||
|---|---|---|---|
| 003 | PE-LiUPU | ||
| 005 | 20250731175633.0 | ||
| 008 | 150625s r 000 0 d | ||
| 020 | _a970260690X | ||
| 035 | _a(Sirsi) i9789702606901 | ||
| 040 |
_aPE-LiUPU _bspa _cPE-LiUPU _erda |
||
| 049 | _aPRUA | ||
| 082 | 0 | 4 |
_a468.1 _bC77 _221 |
| 100 | 1 |
_aCorrea Pérez, Alicia, _eautor. |
|
| 245 | 1 | 3 |
_aEl placer de la escritura : _bmanual de apropiación de la lengua escrita / _cAlicia Correa Pérez. |
| 250 | _a3a | ||
| 264 | 1 |
_aMéxico : _bPearson Educación, _c2005. |
|
| 300 |
_a140 páginas : _bilustraciones, diágramas ; _c27 centímetros |
||
| 336 |
_atext _2rdacontent |
||
| 337 |
_aunmediated _2rdamedia |
||
| 338 |
_avolume _2rdacarrier |
||
| 504 | _aIncluye bibliografía. | ||
| 505 | 0 | _aLa palabra: Habilidad para la acentuación. -La oración: habilidades para conocer y usar la oración. -Adjetivos y pronombres. -La puntuación y la escritura. -Habilidades para construir oraciones. -Las letras. -El placer de lo correcto. -El placer de la escritura y la lectura. | |
| 526 | _aP145 | ||
| 526 | _aP127 | ||
| 526 | _aP97 | ||
| 526 | _aP35 | ||
| 526 | _aP14 | ||
| 526 | _aP07 | ||
| 541 | _g001-000235; | ||
| 650 | 0 | 4 |
_aLengua española _xComposición y ejercicios _vManuales. |
| 650 | 0 | 4 |
_aLengua española _xOrtografía _vComposición y ejercicios. |
| 942 |
_2ddc _cBOOK |
||
| 949 |
_a468.1 C77 _wDEWEY _c1 _i57727 _d2015-12-3 _e2015-12-2 _lCCODEBUL1 _mBUL _n2 _p15.00 _r0 _sY _tBOOK _u2015-6-25 _xEDUCACION _PP20 _0COMPRA _o.STAFF. Colección General |
||
| 994 |
_aC0 _bPEPRU |
||
| 596 | _a1 | ||
| 999 |
_a468.1 C77 _wDEWEY _c46732 _i57727 _d46732 _e2017-10-6 _f2021-11-9 _g5 _lCCODEBUL1 _mBUL _n5 _p15.00 _r0 _sY _tBOOK _u2015-6-25 _xEDUCACION _PP20 _0COMPRA _o.STAFF. Colección General |
||
| 980 |
_81 _gALBERTO SANCHEZ Responsable de Automatización |
||